| 000 | 02076cam a22004334a 4500 | ||
|---|---|---|---|
| 001 | 13275570 | ||
| 003 | OSt | ||
| 005 | 20231218165903.0 | ||
| 008 | 030715s2004 njua fb 001 0 eng | ||
| 010 | _a 2003059502 | ||
| 020 | _a047127433X (alk. paper) | ||
| 040 |
_aDLC _cDLC _dDLC |
||
| 042 | _apcc | ||
| 050 | 0 | 0 |
_aRJ101 _b.H16 2004 |
| 082 | 0 | 0 |
_a362.198/92 _222 _bPRE |
| 245 | 0 | 0 |
_aHandbook of preventive interventions for children and adolescents / _cLisa A. Rapp-Paglicci, Catherine N. Dulmus, John S. Wodarski. |
| 246 | 3 | 0 | _aPreventive interventions for children and adolescents |
| 260 |
_aHoboken, NJ : _bJohn Wiley, _c2004. |
||
| 300 |
_axvii, 484 p. : _bill. ; _c26 cm. |
||
| 504 | _aIncludes bibliographical references and indexes. | ||
| 650 | 0 |
_aChild health services _vHandbooks, manuals, etc. _9119758 |
|
| 650 | 0 |
_aChild mental health services _vHandbooks, manuals, etc. _9119759 |
|
| 650 | 0 |
_aTeenagers _xMedical care _vHandbooks, manuals, etc. _9119760 |
|
| 650 | 0 |
_aMedicine, Preventive _vHandbooks, manuals, etc. _9119761 |
|
| 650 | 0 |
_aPreventive health services _vHandbooks, manuals, etc. _9119762 |
|
| 650 | 0 |
_aPreventive mental health services for children _vHandbooks, manuals, etc. _9119763 |
|
| 650 | 0 |
_aPreventive mental health services for teenagers _vHandbooks, manuals, etc. _9119764 |
|
| 650 | 0 |
_aSocial work with children _vHandbooks, manuals, etc. _9119765 |
|
| 650 | 0 |
_aSocial work with teenagers _vHandbooks, manuals, etc. _9119766 |
|
| 700 | 1 |
_aRapp-Paglicci, Lisa A. _9119767 |
|
| 700 | 1 |
_aDulmus, Catherine N. _9116109 |
|
| 700 | 1 |
_aWodarski, John S. _9119768 |
|
| 856 | 4 | 2 |
_3Contributor biographical information _uhttp://www.loc.gov/catdir/bios/wiley045/2003059502.html |
| 856 | 4 | 2 |
_3Publisher description _uhttp://www.loc.gov/catdir/description/wiley041/2003059502.html |
| 856 | 4 | 1 |
_3Table of contents _uhttp://www.loc.gov/catdir/toc/wiley041/2003059502.html |
| 906 |
_a7 _bcbc _corignew _d1 _eocip _f20 _gy-gencatlg |
||
| 942 |
_2ddc _cBK |
||
| 999 |
_c2452 _d2452 |
||